<?xml version="1.0" encoding="UTF-8"?>
<collection xmlns="http://www.loc.gov/MARC21/slim">
 <record>
  <leader>02989cam a2200541Mi 4500</leader>
  <controlfield tag="001">1/52385</controlfield>
  <controlfield tag="008">140703t20142014sz a     b    010 0 eng d</controlfield>
  <datafield tag="020" ind1=" " ind2=" ">
   <subfield code="a">9783038100126</subfield>
  </datafield>
  <datafield tag="020" ind1=" " ind2=" ">
   <subfield code="a">3038100129</subfield>
  </datafield>
  <datafield tag="035" ind1=" " ind2=" ">
   <subfield code="a">(OCoLC)ocn899367609</subfield>
  </datafield>
  <datafield tag="035" ind1=" " ind2=" ">
   <subfield code="a">(WU)10331765-uwmadisondb</subfield>
  </datafield>
  <datafield tag="035" ind1=" " ind2=" ">
   <subfield code="a">(OCoLC)899367609</subfield>
   <subfield code="z">(OCoLC)908654336</subfield>
   <subfield code="z">(OCoLC)913818066</subfield>
  </datafield>
  <datafield tag="035" ind1=" " ind2=" ">
   <subfield code="a">(EXLNZ-01UWI_NETWORK)9910219242802121</subfield>
  </datafield>
  <datafield tag="040" ind1=" " ind2=" ">
   <subfield code="a">AGLDB</subfield>
   <subfield code="b">eng</subfield>
   <subfield code="e">rda</subfield>
   <subfield code="c">AGLDB</subfield>
   <subfield code="d">OCLCO</subfield>
   <subfield code="d">ZWZ</subfield>
   <subfield code="d">OCLCO</subfield>
   <subfield code="d">NLGGC</subfield>
   <subfield code="d">NZ1</subfield>
   <subfield code="d">SDB</subfield>
   <subfield code="d">OCLCF</subfield>
   <subfield code="d">XC$</subfield>
   <subfield code="d">OD$</subfield>
   <subfield code="d">INUAS</subfield>
   <subfield code="d">CHVBK</subfield>
   <subfield code="d">OHX</subfield>
   <subfield code="d">TJC</subfield>
   <subfield code="d">INNDH</subfield>
   <subfield code="d">OCLCQ</subfield>
   <subfield code="d">GZT</subfield>
  </datafield>
  <datafield tag="050" ind1="1" ind2="4">
   <subfield code="a">HD60</subfield>
   <subfield code="b">.B979 2014</subfield>
  </datafield>
  <datafield tag="055" ind1=" " ind2="3">
   <subfield code="a">HD60</subfield>
   <subfield code="b">B979 2014</subfield>
  </datafield>
  <datafield tag="072" ind1=" " ind2="7">
   <subfield code="a">HF</subfield>
   <subfield code="2">lcco</subfield>
  </datafield>
  <datafield tag="072" ind1=" " ind2="7">
   <subfield code="a">H</subfield>
   <subfield code="2">lcco</subfield>
  </datafield>
  <datafield tag="080" ind1=" " ind2=" ">
   <subfield code="a">38:301 Q4</subfield>
  </datafield>
  <datafield tag="082" ind1="0" ind2="4">
   <subfield code="a">658.408 BUS</subfield>
   <subfield code="2">23</subfield>
  </datafield>
  <datafield tag="245" ind1="0" ind2="0">
   <subfield code="a">Business in a changing society :</subfield>
   <subfield code="b">festschrift for Peter Brabeck-Letmathe /</subfield>
   <subfield code="c">edited by Andreas Koopmann.</subfield>
  </datafield>
  <datafield tag="260" ind1=" " ind2="1">
   <subfield code="a">Zurich :</subfield>
   <subfield code="b">Neue Zürcher Zeitung Publishing,</subfield>
   <subfield code="c">[2014]</subfield>
  </datafield>
  <datafield tag="300" ind1=" " ind2=" ">
   <subfield code="a">295 pages :</subfield>
   <subfield code="b">illustrations ;</subfield>
   <subfield code="c">25 cm.</subfield>
  </datafield>
  <datafield tag="504" ind1=" " ind2=" ">
   <subfield code="a">Includes bibliographical references.</subfield>
  </datafield>
  <datafield tag="505" ind1="0" ind2=" ">
   <subfield code="a">I. Major global shifts and their drivers -- II. Corporate change-business in society -- III. On the power of ideas -- IV. Civil society-actor and partner -- V. Changes and challenges ion global nutrition and health -- VI. The water challenge-need for partnerships -- Vii. Policy responses to global shifts and challenges.</subfield>
  </datafield>
  <datafield tag="520" ind1=" " ind2=" ">
   <subfield code="a">&quot;On the occasion of Peter Brabeck-Letmathe's 70th birthday a group of his friends invited 31 authors to contribute to this festschrift, honoring his great achievements in providing business leadership and contributing to public dialogue on important issues. Leaders from politics, academia, civil society and business who know Peter Brabeck draw a fascinating, multifaceted picture of the quality, speed and nature of the ongoing and often accelerating change taking place in society, technology and markets. It is a change that is not only relevant for him as chairman of Nestlé, but also for citizens and businesses around the world today, and in years to come&quot;--</subfield>
  </datafield>
  <datafield tag="600" ind1="1" ind2="7">
   <subfield code="a">Brabeck-Letmathe, Peter,</subfield>
   <subfield code="d">(1944- )</subfield>
   <subfield code="2">jhpk</subfield>
  </datafield>
  <datafield tag="600" ind1="1" ind2="7">
   <subfield code="a">Brabeck-Letmathe, Peter</subfield>
   <subfield code="x">Mélanges et hommages</subfield>
   <subfield code="2">ram</subfield>
  </datafield>
  <datafield tag="610" ind1="2" ind2="7">
   <subfield code="a">Nestlé SA</subfield>
   <subfield code="2">gnd</subfield>
  </datafield>
  <datafield tag="650" ind1=" " ind2="0">
   <subfield code="a">Industries</subfield>
   <subfield code="x">Social aspects.</subfield>
  </datafield>
  <datafield tag="650" ind1=" " ind2="0">
   <subfield code="a">Organizational change.</subfield>
  </datafield>
  <datafield tag="650" ind1=" " ind2="4">
   <subfield code="a">Οργανωτική αλλαγή</subfield>
   <subfield code="x">Διοίκηση και οργάνωση.</subfield>
  </datafield>
  <datafield tag="650" ind1=" " ind2="4">
   <subfield code="a">Παγκοσμιοποίηση.</subfield>
  </datafield>
  <datafield tag="650" ind1=" " ind2="0">
   <subfield code="a">Cooperation.</subfield>
  </datafield>
  <datafield tag="650" ind1=" " ind2="0">
   <subfield code="a">Business networks.</subfield>
  </datafield>
  <datafield tag="650" ind1=" " ind2="0">
   <subfield code="a">Globalization.</subfield>
  </datafield>
  <datafield tag="650" ind1=" " ind2="0">
   <subfield code="a">Festschriften.</subfield>
  </datafield>
  <datafield tag="650" ind1=" " ind2="7">
   <subfield code="a">Business networks</subfield>
   <subfield code="2">fast</subfield>
  </datafield>
  <datafield tag="650" ind1=" " ind2="7">
   <subfield code="a">Cooperation</subfield>
   <subfield code="2">fast</subfield>
  </datafield>
  <datafield tag="650" ind1=" " ind2="7">
   <subfield code="a">Festschriften</subfield>
   <subfield code="2">fast</subfield>
  </datafield>
  <datafield tag="650" ind1=" " ind2="7">
   <subfield code="a">Globalization</subfield>
   <subfield code="2">fast</subfield>
  </datafield>
  <datafield tag="650" ind1=" " ind2="7">
   <subfield code="a">Industries</subfield>
   <subfield code="x">Social aspects</subfield>
   <subfield code="2">fast</subfield>
  </datafield>
  <datafield tag="650" ind1=" " ind2="7">
   <subfield code="a">Organizational change</subfield>
   <subfield code="2">fast</subfield>
  </datafield>
  <datafield tag="700" ind1="1" ind2=" ">
   <subfield code="a">Brabeck-Letmathe, Peter,</subfield>
   <subfield code="d">1944-</subfield>
   <subfield code="e">honouree.</subfield>
  </datafield>
  <datafield tag="700" ind1="1" ind2=" ">
   <subfield code="a">Koopmann, Andreas,</subfield>
   <subfield code="e">editor.</subfield>
  </datafield>
  <datafield tag="852" ind1=" " ind2=" ">
   <subfield code="a">INST</subfield>
   <subfield code="b">UNIPILB</subfield>
   <subfield code="c">MAIN</subfield>
   <subfield code="e">20210721</subfield>
   <subfield code="h">658.408 BUS</subfield>
   <subfield code="p">00183119</subfield>
   <subfield code="q">00183119</subfield>
   <subfield code="t">LOAN</subfield>
   <subfield code="y">0</subfield>
   <subfield code="4">1</subfield>
  </datafield>
  <datafield tag="960" ind1=" " ind2=" ">
   <subfield code="a">GEORGE</subfield>
  </datafield>
  <datafield tag="960" ind1=" " ind2=" ">
   <subfield code="a">ΜΑΡΙΑ ΒΕΛ</subfield>
  </datafield>
 </record>
</collection>
